El derecho a la propia imagen del menor en internet

Bibliographic Details
Main Author: Gil Antn̤, Ana Mara̕
Format: eBook
Language:Spanish
Published: Madrid : Dykinson, 2013
Subjects:
Online Access:Acceso restringido

MARC

LEADER 00000nam a2200000 a 4500
005 2014012801381.0
007 cr |||||||||||
008 140108s2013 sp s 000 0 spa|c
020 |a 9788490315927  
035 |a 11732 
040 |d vLex 
090 |c 4672  |d 4672 
100 1 |a Gil Antn̤, Ana Mara̕ 
245 1 3 |a El derecho a la propia imagen del menor en internet  |h [Recurso electrn̤ico] /  |c Ana Mara̕ Gil Antn̤ 
256 |a Servicio en ln̕ea 
260 |a Madrid :  |b Dykinson,  |c 2013 
300 |a 1 recurso electrn̤ic 
506 1 |a Contenido solo disponible en los productos indicados  |d vLex Global  |d vLex Global (Academic Edition, excluding Law Schools)  |d vLex Global (U.S. Academic Edition, Law Schools)  |d vLex Global (U.S. Academic Edition, excluding Law Schools)  |d vLex Global (Academic Edition, Law Schools) 
650 0 4 |a Derecho a la propia imagen  
650 0 4 |a Menores  |x Situacin̤ legal, leyes, etc. 
650 0 4 |a Internet 
740 0 |a vLex Libros (Servicio en ln̕ea) 
856 4 0 |z Acceso restringido  |u http://vlex.com/source/derecho-a-la-propia-imagen-del-menor-en-internet-11732 
942 |c BOOK 
999 0 |a Portraits--Law and legislation 
999 0 |a Minors